Diccionario Jurídico Universitario (Registro nro. 13233)
[ vista simple ]
| 000 -CABECERA | |
|---|---|
| campo de control de longitud fija | 00616nam a22002297a 4500 |
| 005 - FECHA Y HORA DE ACTUALIZACIÓN | |
| campo de control | 20220310083920.0 |
| 008 - LONGITUD FIJA | |
| campo de control de longitud fija | 220310b xxu||||| |||| 00| 0 spa d |
| 020 ## - INTERNATIONAL STANDARD BOOK NUMBER | |
| Número Internacional Estándar del Libro | 9789508850331 |
| 041 ## - IDIOMA | |
| Código de idioma del texto/pista de sonido o título separado | |
| 082 ## - CLASIFICACIÓN DECIMAL DEWEY | |
| Número de clasificación | R340.3 C112d |
| 100 ## - AUTOR PERSONAL | |
| Nombre de persona | Cabanellas de Torres, Guillermo |
| 245 ## - TÍTULO PROPIAMENTE DICHO | |
| Título | Diccionario Jurídico Universitario |
| 250 ## - EDICIÓN | |
| Mención de edición | Tercera edición |
| 260 ## - PIE DE IMPRENTA | |
| Lugar de publicación, distribución, etc. | Argentina |
| 260 ## - PIE DE IMPRENTA | |
| Nombre del editor, distribuidor, etc. | Editorial Heliasta |
| 260 ## - PIE DE IMPRENTA | |
| Fecha de publicación, distribución, etc. | 2007 |
| 300 ## - DESCRIPCIÓN FÍSICA | |
| Extensión | 544 páginas |
| 500 ## - NOTA GENERAL | |
| Nota general | Tomo 2 J-Z |
| 650 ## - Materia General | |
| Materia general | DICCIONARIO JURIDICO UNIVERSITARIO |
| 650 ## - Materia General | |
| Materia general | DICCIONARIO JURIDICO |
| 942 ## - Punto de Acceso Adicional Koha | |
| Tipo de ítem Koha | Referencia |
No hay ítems disponibles.